Сталерельсовое производство в России: печатано с разрешения Департамента железных дорог

书目详细资料
总结:Дозволено цензурою. Спб. 18 ноября 1885 года
Текст в русской дореформенной орфографии
语言:俄语
出版: Санкт-Петербург, Типография В. Демакова, 1885
主题:
格式: 图书
KOHA link:https://koha.lib.tpu.ru/cgi-bin/koha/opac-detail.pl?biblionumber=333446

MARC

LEADER 00000nam0a2200000 4500
001 333446
005 20231102004545.0
035 |a (RuTPU)RU\TPU\book\359441 
090 |a 333446 
100 |a 20170615d1885 k y0rusy50 ca 
101 0 |a rus 
102 |a RU 
105 |a y z 000zy 
200 1 |a Сталерельсовое производство в России  |e печатано с разрешения Департамента железных дорог 
210 |a Санкт-Петербург  |c Типография В. Демакова  |d 1885 
215 |a 67 с.  |c ил. 
300 |a Дозволено цензурою. Спб. 18 ноября 1885 года 
300 |a Текст в русской дореформенной орфографии 
316 |5 63413507: 37//131  |a На титульном листе дарственная надпись: "Его превосходительству Николаю Александровичу Кулибину от автора" 
316 |5 63413507: 37//131  |a На форзаце экслибрис библиотеки ТТИ 
317 |5 63413507: 37//131  |a Поступил в НТБ в 1900 г. в составе книжного собрания С. Н. Кулибина 
606 1 |a Сталелитейный завод  |2 stltpush  |3 (RuTPU)RU\TPU\subj\56156  |9 74070 
606 1 |a Рельсопрокатное производство  |2 stltpush  |3 (RuTPU)RU\TPU\subj\25001  |9 49260 
606 1 |a Сталь рельсовая  |x Упрочнение  |2 stltpush  |3 (RuTPU)RU\TPU\subj\56590  |9 74481 
610 1 |a стальные рельсы 
610 1 |a Россия 
610 1 |a железные дороги 
610 1 |a заводы 
610 1 |a производства 
610 1 |a 19 век 
610 1 |a история 
610 1 |a библиотека С. Н. Кулибина 
610 1 |a владельческие знаки 
610 1 |a дарственные надписи 
610 1 |a дары автора 
675 |a 621.771.26  |v 4 
675 |a 621.74:669.14  |v 4 
675 |a 669.018.29  |v 3 
801 1 |a RU  |b 63413507  |c 20170615 
801 2 |a RU  |b 63413507  |c 20210113  |g RCR 
942 |c BK